000 00450nam a2200193Ia 4500
005 20240823034842.0
008 240823s9999||||xx |||||||||||||| ||und||
020 _a978-1-78087-040-3
041 _aENGLISH
082 _A001.9 Q2
100 _aJohn Michael Greer
245 2 _aA History of the End of Time Apocalypse
250 _a1st
260 _c2012
_bQu
500 _aYES
650 _aHistory
_bGeneral
942 _cBK
999 _c199282
_d199282